Estadísticas para Países Ortodoxos

Haz click aquí para intentar la prueba.

Estadísticas generales

  • Esta prueba ha sido intentada 2.230 veces
  • La puntuación promedio es 15 de 20

Estadísticas de respuestas

%País% Correcto
75.0Rusia
98%
94.8Grecia
89%
26.8Ucrania
89%
48.3Bielorrusia
86%
75.9Bulgaria
86%
86.8Rumania
86%
84.9Serbia
84%
12.8Estonia
83%
15.7Letonia
82%
83.8Georgia
81%
98.8Armenia
79%
64.2Macedonia del Norte
79%
93.3Moldavia
79%
72.1Montenegro
74%
36.0Bosnia y Herzegovina
72%
78.0Chipre
68%
26.2Kazajistán
66%
9.0Egipto
37%
55.0Etiopía
28%
57.0Eritrea
22%

Distribución de puntuación

Porcentaje por número respondido

Porcentaje de gente con cada puntuación

Historial de tus puntuaciones

No has intentado esta prueba.